[Event "GER-ch U10"]
[Site "Magdeburg"]
[Date "2014.06.11"]
[Round "7"]
[White "Pantsernaya, Sofya"]
[Black "Rudolph, Eva"]
[Result "0-1"]
[WhiteElo "1320"]
[BlackElo "1129"]
[PlyCount "70"]
[EventDate "2014.06.08"]
[EventType "swiss"]
[EventRounds "11"]
[EventCountry "GER"]
[SourceTitle "CBM 160 Extra"]
[Source "ChessBase"]
[SourceDate "2014.07.01"]
[SourceVersion "1"]
[SourceVersionDate "2014.07.01"]
[SourceQuality "1"]

1. e4 e5 2. Nf3 d6 3. d4 exd4 4. Nxd4 Nf6 5. Nc3 Be7 6. Bc4 0-0 7. 0-0 c6 8. a4 a5 9. h3 Na6 10. Re1 Nc5 11. Bf4 Re8 12. Nf3 h6 13. e5 dxe5 14. Nxe5 Be6 15. Qe2 Qd4 16. Bxe6 Nxe6 17. Bg3 Qb4 18. Nd3 Qd4 19. Rad1 Qb6 20. Ne4 Nd4 21. Nxf6+ Bxf6 22. Qd2 Nf5 23. Bh2 Red8 24. Qf4 Nd4 25. Rd2 Ne6 26. Qg4 Bxb2 27. Nxb2 Rxd2 28. Nd3 Rxc2 29. Qf3 Qb3 30. Qf5 Qd5 31. Ne5 Nd4 32. Qg4 Qc5 33. Bf4 Nf5 34. Qxf5 Qxf2+ 35. Kh2 Qxg2# 0-1

[Event "GER-ch U10"]
[Site "Magdeburg"]
[Date "2014.06.08"]
[Round "2"]
[White "Pantsernaya, Sofya"]
[Black "Post, Hugo"]
[Result "0-1"]
[WhiteElo "1320"]
[BlackElo "1594"]
[PlyCount "54"]
[EventDate "2014.06.08"]
[EventType "swiss"]
[EventRounds "11"]
[EventCountry "GER"]
[SourceTitle "CBM 160 Extra"]
[Source "ChessBase"]
[SourceDate "2014.07.01"]
[SourceVersion "1"]
[SourceVersionDate "2014.07.01"]
[SourceQuality "1"]

1. e4 c5 2. Nf3 Nc6 3. Bb5 g6 4. Bxc6 dxc6 5. h3 Bg7 6. d3 Nf6 7. 0-0 c4 8. Re1 cxd3 9. cxd3 0-0 10. Nc3 Qc7 11. Be3 b6 12. Rc1 Ba6 13. b4 Nh5 14. e5 Bh8 15. b5 cxb5 16. Nxb5 Qd7 17. Nbd4 Rfc8 18. Qb3 Bb7 19. e6 fxe6 20. Nxe6 Bd5 21. Rxc8+ Rxc8 22. Qb4 Bxe6 23. Bd4 Bxd4 24. Nxd4 Bd5 25. Rxe7 Rc1+ 26. Kh2 Rh1+ 27. Kxh1 Qxh3+ 0-1

[Event "GER-ch U10"]
[Site "Oberhof"]
[Date "2013.05.25"]
[Round "11"]
[White "Pantsernaya, Sofya"]
[Black "Hoefs, Cederik"]
[Result "1/2-1/2"]
[WhiteElo "1253"]
[BlackElo "915"]
[PlyCount "65"]
[EventDate "2013.05.19"]
[EventType "swiss"]
[EventRounds "11"]
[EventCountry "GER"]
[SourceTitle "CBM 154 Extra"]
[Source "ChessBase"]
[SourceDate "2013.06.25"]
[SourceVersion "2"]
[SourceVersionDate "2013.06.25"]
[SourceQuality "1"]

1. e4 e5 2. Nf3 Nc6 3. Bc4 Nf6 4. d3 Bc5 5. 0-0 0-0 6. h3 d6 7. Bg5 Be6 8. c3 Re8 9. a4 a5 10. Nbd2 Rc8 11. Re1 h6 12. Bh4 Qe7 13. Nf1 Rcd8 14. d4 Bxc4 15. dxc5 dxc5 16. Qc2 Rd7 17. Rad1 Red8 18. Rxd7 Rxd7 19. Rd1 Nb8 20. Ne3 Rxd1+ 21. Qxd1 Be6 22. Nf5 Bxf5 23. exf5 e4 24. Nh2 Nbd7 25. Ng4 b6 26. Qe2 Qd6 27. Nxf6+ Nxf6 28. Bg3 Qd7 29. Qe3 Qxf5 30. Bxc7 Nd5 31. Qg3 Nxc7 32. Qxc7 Qe6 33. Qg3 1/2-1/2

[Event "GER-ch U10"]
[Site "Oberhof"]
[Date "2013.05.20"]
[Round "4"]
[White "Glinzner, Alva"]
[Black "Pantsernaya, Sofya"]
[Result "1-0"]
[WhiteElo "974"]
[BlackElo "1253"]
[PlyCount "69"]
[EventDate "2013.05.19"]
[EventType "swiss"]
[EventRounds "11"]
[EventCountry "GER"]
[SourceTitle "CBM 154 Extra"]
[Source "ChessBase"]
[SourceDate "2013.06.25"]
[SourceVersion "2"]
[SourceVersionDate "2013.06.25"]
[SourceQuality "1"]

1. e4 d5 2. exd5 Nf6 3. c4 c6 4. Nc3 cxd5 5. cxd5 Nxd5 6. Bc4 Nf6 7. Nf3 Bg4 8. d3 Nc6 9. Be3 e5 10. h3 Bh5 11. 0-0 Be7 12. Re1 0-0 13. Bg5 h6 14. Bh4 Re8 15. Rc1 Rc8 16. Bb5 Bc5 17. Ne4 Be7 18. Re3 Nxe4 19. Bxe7 Rxe7 20. dxe4 Nd4 21. Rxc8 Qxc8 22. g4 Nxb5 23. gxh5 Rc7 24. Re1 f6 25. Qd5+ Kh7 26. Qxb5 Qxh3 27. Nh2 Qh4 28. Qe8 Rc2 29. Qg6+ Kh8 30. Ng4 Rxb2 31. Rd1 f5 32. exf5 e4 33. Rc1 Qd8 34. f6 gxf6 35. Nxf6 1-0

[Event "GER-ch U10"]
[Site "Oberhof"]
[Date "2012.05.31"]
[Round "8"]
[White "Huber, Benedikt"]
[Black "Pantsernaya, Sofya"]
[Result "1-0"]
[WhiteElo "1121"]
[BlackElo "953"]
[PlyCount "105"]
[EventDate "2012.05.27"]
[EventType "swiss"]
[EventRounds "11"]
[EventCountry "GER"]
[SourceTitle "CBM 148 Extra"]
[Source "ChessBase"]
[SourceDate "2012.06.22"]
[SourceVersion "1"]
[SourceVersionDate "2012.06.22"]
[SourceQuality "1"]

1. d4 Nf6 2. Bf4 e6 3. e3 Be7 4. Nf3 0-0 5. c4 b6 6. Nc3 Bb7 7. Bd3 d5 8. cxd5 exd5 9. 0-0 c5 10. dxc5 bxc5 11. Be2 Nbd7 12. Rc1 Nb6 13. Qb3 c4 14. Qc2 Bd6 15. Bxd6 Qxd6 16. Nd4 Rfe8 17. Qf5 Bc8 18. Qc2 Ng4 19. Nf3 Qh6 20. Rfd1 Re5 21. h3 Rh5 22. Nh2 Nxe3 23. fxe3 Qxe3+ 24. Kh1 Rh4 25. Bf3 Bb7 26. Nxd5 Qh6 27. Ne7+ Kf8 28. Nf5 Qg5 29. Nxh4 Qxh4 30. Bxb7 Rb8 31. Bf3 Re8 32. Qd2 Nc8 33. Bc6 Rd8 34. Qxd8+ Qxd8 35. Rxd8+ Ke7 36. Rxc8 Kd6 37. Rd1+ Ke6 38. Ra8 g5 39. Rxa7 f5 40. Rxh7 f4 41. a4 f3 42. Nxf3 g4 43. a5 c3 44. bxc3 g3 45. Rh8 Kf5 46. a6 Kf4 47. Re1 Kf5 48. Rf8+ Kg6 49. Re4 Kg7 50. a7 Kxf8 51. a8Q+ Kg7 52. Qb7+ Kg8 53. Re8# 1-0

[Event "GER-ch U10"]
[Site "Oberhof"]
[Date "2012.05.29"]
[Round "6"]
[White "Silber, Fabian"]
[Black "Pantsernaya, Sofya"]
[Result "0-1"]
[WhiteElo "838"]
[BlackElo "953"]
[PlyCount "98"]
[EventDate "2012.05.27"]
[EventType "swiss"]
[EventRounds "11"]
[EventCountry "GER"]
[SourceTitle "CBM 148 Extra"]
[Source "ChessBase"]
[SourceDate "2012.06.22"]
[SourceVersion "1"]
[SourceVersionDate "2012.06.22"]
[SourceQuality "1"]

1. e4 d5 2. exd5 Nf6 3. d4 Nxd5 4. Nf3 e6 5. Be2 Be7 6. 0-0 0-0 7. c4 Nb6 8. c5 Nd5 9. Ne5 Nd7 10. Nxd7 Qxd7 11. Bd3 b6 12. Qh5 g6 13. Nc3 gxh5 14. Nxd5 Qxd5 15. Bh6 Bb7 16. f3 Rfd8 17. Be3 bxc5 18. Be4 Qc4 19. Bxb7 Rab8 20. Be4 cxd4 21. Bf4 f5 22. Bb1 d3 23. b3 Qd4+ 24. Kh1 Qxa1 25. h3 Qd4 26. g3 d2 27. Rd1 e5 28. Rxd2 Qxd2 29. Bxd2 Rxd2 30. Bxf5 Rd1+ 31. Kg2 Rbd8 32. g4 h4 33. f4 R8d2+ 34. Kf3 Re1 35. g5 exf4 36. Kxf4 Rf2+ 37. Kg4 Rg1+ 38. Kh5 Rxf5 39. Kh6 Bxg5+ 40. Kh5 Bf4+ 41. Kxh4 Bg3+ 42. Kg4 Rf4+ 43. Kg5 Bh2+ 44. Kh5 Bg3 45. Kg5 Rf2 46. Kg4 Bd6+ 47. Kh4 Be7+ 48. Kh5 Rh2 49. h4 Rxh4# 0-1

[Event "GER-ch U10"]
[Site "Oberhof"]
[Date "2012.05.28"]
[Round "4"]
[White "Pantsernaya, Sofya"]
[Black "Lindow, Max"]
[Result "0-1"]
[WhiteElo "953"]
[BlackElo "1128"]
[PlyCount "72"]
[EventDate "2012.05.27"]
[EventType "swiss"]
[EventRounds "11"]
[EventCountry "GER"]
[SourceTitle "CBM 148 Extra"]
[Source "ChessBase"]
[SourceDate "2012.06.22"]
[SourceVersion "1"]
[SourceVersionDate "2012.06.22"]
[SourceQuality "1"]

1. e4 e5 2. Nf3 Nc6 3. Bc4 Bc5 4. c3 Nf6 5. d4 exd4 6. cxd4 Bb4+ 7. Nc3 Nxe4 8. 0-0 Nxc3 9. bxc3 Bxc3 10. Qb3 d5 11. Bxd5 Be6 12. Bxe6 fxe6 13. Qxc3 h6 14. Bb2 Qd7 15. Ne5 Nxe5 16. dxe5 0-0-0 17. Rfd1 Qxd1+ 18. Qe1 Qxe1+ 19. Rxe1 Rd7 20. h3 Rd2 21. Rb1 Rf8 22. f3 Rfd8 23. Bc1 Rxa2 24. Kh2 Rd1 25. Kg3 Rc2 26. Ra1 Rcxc1 27. Rxa7 Ra1 28. Rxa1 Rxa1 29. Kh4 b5 30. f4 Ra4 31. Kg3 b4 32. f5 exf5 33. Kf4 b3+ 34. Kxf5 b2 35. e6 b1Q+ 36. Ke5 Qe4# 0-1

[Event "GER-ch U10"]
[Site "Oberhof"]
[Date "2011.06.16"]
[Round "8"]
[White "Pantsernaya, Sofya"]
[Black "Wastian, Mareike"]
[Result "1/2-1/2"]
[WhiteElo "769"]
[BlackElo "932"]
[PlyCount "76"]
[EventDate "2011.06.11"]
[EventType "swiss"]
[EventRounds "11"]
[EventCountry "GER"]
[SourceTitle "CBM 142 Extra"]
[Source "ChessBase"]
[SourceDate "2011.06.27"]
[SourceVersion "1"]
[SourceVersionDate "2011.06.27"]
[SourceQuality "1"]

1. e4 c6 2. d4 d5 3. e5 Bf5 4. h4 h5 5. Nf3 e6 6. Be3 Qb6 7. Be2 Nd7 8. Ng5 g6 9. Nc3 c5 10. Rb1 0-0-0 11. a3 Kb8 12. b4 Qc6 13. bxc5 Rc8 14. g4 hxg4 15. Bxg4 Bxg4 16. Qxg4 Nh6 17. Qe2 Nf5 18. Rb5 Rxh4 19. Rxh4 Nxh4 20. Rb4 Nf5 21. Qb5 Qxb5 22. Rxb5 Bh6 23. Ra5 Nxe3 24. fxe3 Bxg5 25. Nb5 a6 26. Nd6 Rf8 27. Kd2 f5 28. exf6 Rxf6 29. Kd3 Bh6 30. Kc3 Bxe3 31. Kb4 Bxd4 32. c4 dxc4 33. Kxc4 Nxc5 34. Kxd4 Nb3+ 35. Ke5 Rf1 36. Ra4 Nc5 37. Rc4 b6 38. Kd4 Kc7 1/2-1/2

[Event "GER-ch U10"]
[Site "Oberhof"]
[Date "2011.06.15"]
[Round "7"]
[White "Demme, Miriam"]
[Black "Pantsernaya, Sofya"]
[Result "1-0"]
[WhiteElo "1086"]
[BlackElo "769"]
[PlyCount "37"]
[EventDate "2011.06.11"]
[EventType "swiss"]
[EventRounds "11"]
[EventCountry "GER"]
[SourceTitle "CBM 142 Extra"]
[Source "ChessBase"]
[SourceDate "2011.06.27"]
[SourceVersion "1"]
[SourceVersionDate "2011.06.27"]
[SourceQuality "1"]

1. e4 d5 2. exd5 Qxd5 3. Nc3 Qa5 4. d4 c6 5. Bc4 Nf6 6. Nf3 Bg4 7. h3 Bh5 8. Bd2 Qc7 9. g4 Bg6 10. Ne5 Nbd7 11. Nxd7 Nxd7 12. h4 0-0-0 13. h5 Nb6 14. Bb3 Rxd4 15. hxg6 fxg6 16. Qe2 Qd7 17. 0-0-0 Rxg4 18. Be6 Qxe6 19. Qxe6+ 1-0